00426cam a2200157ua 450000100060000000800390000602000180004504000090006304100080007208200080008010000270008824500610011526000470017630000100022365300350023311809191109n xxk |||gr||||Z||||||eng a9780190938239 cMAIN aeng a810 aJames D Hart,eAuthor. aOxford companion to american literaturecBy James D Hart aNew York:bOxford university press,c2018. a779p. aAmerican literature in English